|
|
|
|
| LEADER |
00000nab a2200000 a 4500 |
| 001 |
vtls000687398 |
| 003 |
SK-MaSNL |
| 005 |
20260304091256.0 |
| 008 |
250425c1998 xo 0 slo |
| 015 |
|
|
|a SNBRB1999/02-05051
|
| 035 |
|
|
|a CLN000039565
|
| 035 |
|
|
|a urn:nbn:sk:snk-abiqn
|
| 035 |
|
|
|a (urnnbn)urn:nbn:sk:snk:ar-a06p1y
|
| 035 |
|
|
|a (uuid)2e943271-8f42-4c09-a68d-a9c96d66fdce
|
| 040 |
|
|
|a SNKBUCL
|b slo
|c SNKBUCL
|e AACR2
|
| 041 |
0 |
|
|a eng
|
| 044 |
|
|
|a xo
|c SK
|
| 080 |
|
|
|a 582.23(048)
|2 1997
|
| 100 |
1 |
|
|a Bačkor, Martin,
|d 1970-
|4 aut
|9 48569
|
| 245 |
1 |
0 |
|a A. Vonshak [ed.]: Spirulina platensis (Arthrospira) Physiology, cell-biology and biotechnology
|c M. Bačkor
|
| 650 |
0 |
7 |
|a Spirulina platensis
|x fyziológia
|x biológia molekulárna
|x biotechnológie
|x monografie
|x recenzie
|2 snkbucl
|9 1383381
|
| 655 |
|
7 |
|a články z novín a časopisov
|2 snkbucl
|9 267496
|
| 773 |
0 |
|
|t Thaiszia. Journal of botany
|g Roč. 8, č. 2 (1998), s. 191
|x 1210-0420
|
| 787 |
0 |
8 |
|i Rec.:
|a Vonshak, A.
|t Spirulina platensis (Arthrospira) Physiology, cell-biology and biotechnology
|d London : Taylor & Francis, 1997
|
| 850 |
|
|
|a Slovenská národná knižnica
|
| 852 |
|
|
|a Slovenská národná knižnica
|
| 958 |
|
|
|a article27
|
| 958 |
|
|
|a OND
|
| 958 |
|
|
|a EUIPO
|
| 992 |
|
|
|a RBX
|
| 999 |
|
|
|c 2814913
|d 2816843
|